[Event "Pyramiden Cup 2016"]
[Site "Fuerth"]
[Date "2016.09.02"]
[Round "4.15"]
[White "Walter, Florian"]
[Black "Hornung, Hans"]
[Result "1-0"]
[WhiteElo "2142"]
[BlackElo "2050"]
[PlyCount "85"]
[EventDate "2016.??.??"]
[WhiteTeam "SC NT Nürnberg"]
[BlackTeam "SK Klosterlechfeld"]

1. c4 Nf6 2. g3 g6 3. Bg2 Bg7 4. Nc3 O-O 5. Nf3 d6 6. O-O e5 7. d3 Nc6 8. Rb1
Nd4 9. Nd2 c6 10. b4 Bg4 11. h3 Be6 12. e3 Nf5 13. Nf3 h6 14. Bb2 Ne8 15. b5
Ne7 16. bxc6 bxc6 17. Qa4 Qd7 18. Kh2 f5 19. d4 e4 20. Nd2 Nf6 21. f3 exf3 22.
Nxf3 Rab8 23. Ba3 g5 24. Nd2 Rxb1 25. Ndxb1 Qc7 26. Nd2 Nh5 27. Qb4 c5 28. Nb5
Qb8 29. Qa5 d5 30. Qc7 dxc4 31. Bxc5 Qxb5 32. Qxe7 Rf6 33. d5 c3 34. Nb3 Bf7
35. Nd4 Qb2 36. Nxf5 Rxf5 37. Rxf5 Bg6 38. Ba3 Bxf5 39. Bxb2 cxb2 40. Be4 Bf8
41. Qe5 b1=Q 42. Bxb1 Bxb1 43. d6  1-0

[Event "Pyramiden Cup 2016"]
[Site "Fuerth"]
[Date "2016.09.02"]
[Round "4.16"]
[White "Kreyssig, Bruno"]
[Black "Gerl, Hans"]
[Result "0-1"]
[WhiteElo "2226"]
[BlackElo "2022"]
[PlyCount "68"]
[EventDate "2016.??.??"]
[WhiteTeam "SG Leipzig"]
[BlackTeam "SK Zirndorf"]

1. e4 c5 2. Nf3 d6 3. d4 cxd4 4. Nxd4 Nf6 5. Nc3 a6 6. f4 Qc7 7. Be3 e6 8. Qf3
Be7 9. g4 h6 10. h4 b5 11. Bd3 Bb7 12. O-O-O Nc6 13. g5 hxg5 14. hxg5 Rxh1 15.
Rxh1 Nd7 16. g6 O-O-O 17. gxf7 Nxd4 18. Bxd4 Bf6 19. Ne2 e5 20. fxe5 dxe5 21.
Bf2 Nf8 22. Kb1 Qxf7 23. c4 Qd7 24. Nc1 Ne6 25. cxb5 axb5 26. Bb6 Rf8 27. Nb3
Bg5 28. Qh3 Kb8 29. Rg1 Qd6 30. Bc5 Nxc5 31. Nxc5 Qxc5 32. Rxg5 Qf2 33. Rxg7
Qe1+ 34. Kc2 Rc8+ 0-1

[Event "Pyramiden Cup 2016"]
[Site "Fuerth"]
[Date "2016.09.02"]
[Round "4.17"]
[White "Guenther, Patrick"]
[Black "Cofman, Veaceslav"]
[Result "0-1"]
[WhiteElo "2013"]
[BlackElo "2145"]
[PlyCount "46"]
[EventDate "2016.??.??"]
[WhiteTeam "Elmshorner SC"]
[BlackTeam "SC Untergrombach"]

1. Nf3 e6 2. c4 d5 3. g3 Nf6 4. Bg2 c6 5. d4 Bd6 6. O-O Nbd7 7. Qc2 b6 8. Nbd2
Bb7 9. e4 dxe4 10. Nxe4 Nxe4 11. Qxe4 Nf6 12. Qc2 O-O 13. b3 c5 14. Bb2 cxd4
15. Bxd4 Qe7 16. Ne5 Bxg2 17. Kxg2 Qb7+ 18. Kg1 Rfd8 19. Rad1 h6 20. Qe2 Qe4
21. Qxe4 Nxe4 22. f3 Bxe5 23. Bxe5 Nd2 0-1

[Event "Pyramiden Cup 2016"]
[Site "Fuerth"]
[Date "2016.09.02"]
[Round "4.18"]
[White "Wagner, Florian"]
[Black "Schloetterer, Hermann"]
[Result "1/2-1/2"]
[WhiteElo "2126"]
[BlackElo "1843"]
[PlyCount "21"]
[EventDate "2016.??.??"]
[WhiteTeam "SC NT Nürnberg"]
[BlackTeam "Zabo-Eintracht Nürnberg"]

1. e4 Nf6 2. e5 Nd5 3. Bc4 Nb6 4. Bb3 d5 5. exd6 cxd6 6. d4 e6 7. Nf3 Be7 8.
Qd3 N8d7 9. O-O Nf6 10. Re1 O-O 11. c3 1/2-1/2

[Event "Pyramiden Cup 2016"]
[Site "Fuerth"]
[Date "2016.09.02"]
[Round "4.19"]
[White "Tong, Kevin"]
[Black "Walter, Thomas"]
[Result "0-1"]
[WhiteElo "2049"]
[BlackElo "2177"]
[PlyCount "82"]
[EventDate "2016.??.??"]
[WhiteTeam "SC Erlangen"]
[BlackTeam "SC Erlangen"]

1. e4 c6 2. d4 d5 3. exd5 cxd5 4. Bd3 g6 5. c3 Bg7 6. Nf3 Nf6 7. O-O Nc6 8. Re1
O-O 9. h3 Bf5 10. Bf4 Qb6 11. Re2 Rac8 12. Bxf5 gxf5 13. Qb3 Qa6 14. Re1 e6 15.
Ne5 Nh5 16. Nxc6 Rxc6 17. Bg5 Kh8 18. Nd2 Nf6 19. f3 Nd7 20. a4 Rb6 21. Qa3 h6
22. Be7 Re8 23. Kh1 Qd3 24. a5 Rb5 25. Nf1 Qc2 26. Bb4 Qf2 27. Red1 Bf6 28. Rd2
Qh4 29. a6 Bg5 30. Re2 Nf6 31. Qa4 Rb6 32. axb7 Rxb7 33. Qc6 Reb8 34. b3 Bf4
35. Rea2 Rc7 36. Qa6 Nh5 37. Qd3 Rg8 38. Qd1 f6 39. Rxa7 Rxa7 40. Rxa7 Qf2 41.
g4 Be3 0-1

[Event "Pyramiden Cup 2016"]
[Site "Fuerth"]
[Date "2016.09.02"]
[Round "4.20"]
[White "Kornitzky, Tino"]
[Black "Belezky, Alexander"]
[Result "1/2-1/2"]
[WhiteElo "2045"]
[BlackElo "2414"]
[PlyCount "67"]
[EventDate "2016.??.??"]
[WhiteTeam "SC Erlangen"]
[BlackTeam "FC Bayern München"]

1. d4 g6 2. c4 Bg7 3. e4 a6 4. Nc3 d6 5. Nf3 c6 6. Be2 b5 7. a3 Bg4 8. cxb5
axb5 9. O-O b4 10. Na2 bxa3 11. bxa3 Qb6 12. Be3 Rxa3 13. Rb1 Qc7 14. Qc2 Nf6
15. Nc3 Ra8 16. e5 dxe5 17. Nxe5 Bxe2 18. Nxe2 Nd5 19. Nd3 O-O 20. Nc5 e5 21.
Rb7 Qc8 22. dxe5 Na6 23. Rfb1 Nxe3 24. fxe3 Nxc5 25. Qxc5 Qf5 26. Nd4 Qe4 27.
Nxc6 Ra2 28. R7b2 Bh6 29. Ne7+ Kh8 30. Qb4 Bxe3+ 31. Kh1 Qxb4 32. Rxb4 Bc5 33.
Rb7 Re8 34. Nc6 1/2-1/2

[Event "Pyramiden Cup 2016"]
[Site "Fuerth"]
[Date "2016.09.02"]
[Round "4.21"]
[White "Muckle, Julius"]
[Black "Hoffmann, Sebastian"]
[Result "1-0"]
[WhiteElo "2196"]
[BlackElo "2003"]
[PlyCount "47"]
[EventDate "2016.??.??"]
[WhiteTeam "SK Ludwigshafen"]
[BlackTeam "SC NT Nürnberg"]

1. d4 d5 2. c4 c6 3. Nc3 Nf6 4. Nf3 dxc4 5. a4 Bf5 6. Ne5 Nbd7 7. Nxc4 Nb6 8.
Ne3 Bg6 9. a5 Nbd5 10. g3 e6 11. Bg2 Be7 12. O-O O-O 13. Nc4 h6 14. a6 b6 15.
Ne5 Rc8 16. Nxg6 fxg6 17. e4 Nb4 18. Bh3 Qd7 19. Qb3 Kf7 20. f4 Rfd8 21. Be3
Bd6 22. e5 Nfd5 23. Nxd5 Nxd5 24. exd6 1-0

[Event "Pyramiden Cup 2016"]
[Site "Fuerth"]
[Date "2016.09.02"]
[Round "4.22"]
[White "Bildt, Maximilian"]
[Black "Hartmann, Thomas"]
[Result "1/2-1/2"]
[WhiteElo "2020"]
[BlackElo "2022"]
[PlyCount "50"]
[EventDate "2016.??.??"]
[WhiteTeam "SK Zirndorf"]
[BlackTeam "SC Weiße Dame Ulm"]

1. e4 d5 2. exd5 Nf6 3. Nf3 Nxd5 4. d4 g6 5. Bc4 Bg7 6. O-O O-O 7. c3 Nc6 8.
Bg5 Bf5 9. Re1 Re8 10. b4 Bxb1 11. Qxb1 b5 12. Bxd5 Qxd5 13. Qb3 Qf5 14. a4
Rab8 15. axb5 Qxb5 16. Bf4 e5 17. Nxe5 Bxe5 18. Bxe5 Nxe5 19. Rxe5 Rxe5 20.
dxe5 Qxe5 21. Qc4 Rb5 22. Rxa7 Qe1+ 23. Qf1 Re5 24. Ra5 Qxc3 25. Rxe5 Qxe5
1/2-1/2

[Event "Pyramiden Cup 2016"]
[Site "Fuerth"]
[Date "2016.09.02"]
[Round "4.23"]
[White "Bildt, Thomas"]
[Black "Saathoff, Richard"]
[Result "1/2-1/2"]
[WhiteElo "1997"]
[BlackElo "2119"]
[PlyCount "79"]
[EventDate "2016.??.??"]
[WhiteTeam "SK Zirndorf"]
[BlackTeam "SW Nürnberg Süd"]

1. d4 Nf6 2. c4 g6 3. Nc3 Bg7 4. e4 d6 5. f3 O-O 6. Be3 e5 7. d5 c6 8. Qd2 cxd5
9. cxd5 a6 10. Bd3 Nbd7 11. Nge2 b5 12. O-O Nh5 13. g4 Nhf6 14. Ng3 Nc5 15. Be2
b4 16. Nd1 a5 17. Nf2 Ne8 18. h4 Bd7 19. Kg2 Nc7 20. Bh6 Qe7 21. h5 f6 22. hxg6
hxg6 23. Rh1 Rf7 24. Bxg7 Rxg7 25. Rh6 Kf7 26. Rah1 Rag8 27. a3 N7a6 28. Bxa6
Nxa6 29. Nd3 Bb5 30. axb4 Bxd3 31. Qxd3 Nxb4 32. Qc4 Qb7 33. Rc1 Rb8 34. Rh2
Kg8 35. Rch1 Kf7 36. Rh8 Rxh8 37. Rxh8 Rg8 38. Rh7+ Rg7 39. Rh8 Rg8 40. Rh7+
1/2-1/2

[Event "Pyramiden Cup 2016"]
[Site "Fuerth"]
[Date "2016.09.02"]
[Round "4.24"]
[White "Redzepovic, Irfan"]
[Black "Brunsch, Michael"]
[Result "0-1"]
[WhiteElo "2124"]
[BlackElo "1959"]
[PlyCount "54"]
[EventDate "2016.??.??"]
[WhiteTeam "SW Nürnberg Süd"]
[BlackTeam "SC Höchstadt/Aisch"]

1. d4 Nf6 2. Nf3 g6 3. c4 Bg7 4. Nc3 d5 5. Bg5 Ne4 6. Nxd5 Nxg5 7. Nxg5 e6 8.
Qd2 exd5 9. Qe3+ Kf8 10. Qf4 Bf6 11. Nf3 c6 12. e3 Kg7 13. Bd3 Na6 14. O-O Qc7
15. Qxc7 Nxc7 16. c5 Bg4 17. Nd2 h5 18. Rfc1 h4 19. Nb3 Rae8 20. Na5 Bc8 21.
Rc3 Ne6 22. b4 Bd8 23. Nb3 a6 24. h3 f5 25. f3 Bf6 26. f4 Re7 27. Nd2 Nxd4 0-1

[Event "Pyramiden Cup 2016"]
[Site "Fuerth"]
[Date "2016.09.02"]
[Round "4.25"]
[White "Hirn, Oskar"]
[Black "Faralisz, Patrick"]
[Result "1-0"]
[WhiteElo "2238"]
[BlackElo "1793"]
[PlyCount "75"]
[EventDate "2016.??.??"]
[WhiteTeam "SC NT Nürnberg"]
[BlackTeam "SC NT Nürnberg"]

1. Nf3 d5 2. d4 Nf6 3. c4 e6 4. Nc3 Be7 5. Bg5 h6 6. Bh4 O-O 7. e3 b6 8. Bd3
Bb7 9. O-O Nbd7 10. Qe2 c5 11. Rfd1 Ne4 12. Bxe7 Qxe7 13. Rac1 Rfd8 14. cxd5
exd5 15. dxc5 bxc5 16. Ba6 Ndf6 17. Nxe4 Nxe4 18. Nd2 Bxa6 19. Qxa6 Nxd2 20.
Rxd2 d4 21. exd4 cxd4 22. Rcd1 Rd6 23. Qa4 Re6 24. Rf1 Rb8 25. Qxd4 Rb4 26. Qc3
Qb7 27. b3 Rg6 28. g3 Rf4 29. Rc1 Qe4 30. Qc8+ Kh7 31. Rd8 Rg5 32. Qc2 Qxc2 33.
Rxc2 a5 34. Kf1 Rb4 35. Rdc8 a4 36. R2c4 Rgb5 37. Rxb4 Rxb4 38. Rc4 1-0

[Event "Pyramiden Cup 2016"]
[Site "Fuerth"]
[Date "2016.09.02"]
[Round "4.26"]
[White "Pfadenhauer, Tobias"]
[Black "Suess, Stefan"]
[Result "1/2-1/2"]
[WhiteElo "1819"]
[BlackElo "2049"]
[PlyCount "33"]
[EventDate "2016.??.??"]
[WhiteTeam "Kronacher SK"]
[BlackTeam "SC NT Nürnberg"]

1. d4 Nf6 2. Nf3 b5 3. Bg5 Bb7 4. Nbd2 a6 5. e3 d5 6. c3 Nbd7 7. Bd3 e6 8. O-O
Be7 9. b4 Ne4 10. Bxe7 Qxe7 11. Qc2 Nd6 12. e4 dxe4 13. Nxe4 Nxe4 14. Bxe4 Bxe4
15. Qxe4 O-O 16. Rfe1 Nf6 17. Qd3 1/2-1/2

[Event "Pyramiden Cup 2016"]
[Site "Fuerth"]
[Date "2016.09.02"]
[Round "4.27"]
[White "Meulner, Fabian"]
[Black "Wenninger, Patrick"]
[Result "1/2-1/2"]
[WhiteElo "1870"]
[BlackElo "1866"]
[PlyCount "49"]
[EventDate "2016.??.??"]
[WhiteTeam "SW Nürnberg Süd"]
[BlackTeam "Heilbronner SV"]

1. e4 c6 2. d4 d5 3. e5 Bf5 4. h4 h5 5. Bd3 Bxd3 6. Qxd3 e6 7. Bg5 Qc7 8. Nf3
Nd7 9. O-O Ne7 10. Nbd2 Nf5 11. b3 Be7 12. Bxe7 Nxe7 13. c4 O-O 14. Rfe1 Nf5
15. Nf1 Qd8 16. g3 g6 17. Ne3 Nxe3 18. Qxe3 Kg7 19. Ng5 Qe7 20. Rac1 Rac8 21.
Rc3 Nb6 22. c5 Na8 23. Rec1 Nc7 24. b4 a6 25. Kg2 1/2-1/2

[Event "Pyramiden Cup 2016"]
[Site "Fuerth"]
[Date "2016.09.02"]
[Round "4.28"]
[White "Dippel, Joerg"]
[Black "Beesk, Kevin"]
[Result "1/2-1/2"]
[WhiteElo "1799"]
[BlackElo "1965"]
[PlyCount "94"]
[EventDate "2016.??.??"]
[WhiteTeam "SC And Nbg"]
[BlackTeam "SK Neumarkt"]

1. e4 c5 2. Nc3 Nc6 3. f4 g6 4. Nf3 Bg7 5. Bb5 Nd4 6. O-O a6 7. Bc4 b5 8. Be2
d6 9. d3 e6 10. Be3 b4 11. Bxd4 cxd4 12. Nb1 Ne7 13. Nbd2 Bb7 14. a3 a5 15.
axb4 axb4 16. Rxa8 Bxa8 17. Qa1 O-O 18. Qa6 Qc7 19. Bd1 Rb8 20. Nb3 Bb7 21. Qa5
Qxa5 22. Nxa5 Bc8 23. Be2 Ra8 24. Ra1 Nc6 25. Nb3 Rxa1+ 26. Nxa1 Na5 27. Kf2 e5
28. fxe5 dxe5 29. h3 h5 30. Nd2 Bh6 31. Nab3 Nxb3 32. Nxb3 Bf8 33. Nd2 Bd6 34.
b3 Kg7 35. Nf3 Kh6 36. Nh2 f5 37. Nf3 f4 38. Nh2 Be7 39. Kf1 Bh4 40. Nf3 Bf6
41. Nh2 Kg7 42. Bd1 Bg5 43. Nf3 Kf6 44. Be2 Bd7 45. Bd1 Be8 46. Be2 Bh6 47. Bd1
Bd7 1/2-1/2

[Event "Pyramiden Cup 2016"]
[Site "Fuerth"]
[Date "2016.09.02"]
[Round "4.29"]
[White "Bader, Dominic"]
[Black "Kellmann, Andreas"]
[Result "1/2-1/2"]
[WhiteElo "2066"]
[BlackElo "1858"]
[PlyCount "81"]
[EventDate "2016.??.??"]
[WhiteTeam "SG Büchenbach/Roth"]
[BlackTeam "SG Büchenbach/Roth"]

1. e4 e5 2. Nf3 Nc6 3. Bb5 Nf6 4. O-O Nxe4 5. d4 Nd6 6. Bxc6 dxc6 7. dxe5 Nf5
8. Qe2 Nd4 9. Nxd4 Qxd4 10. Rd1 Bg4 11. Rxd4 Bxe2 12. Nc3 Bh5 13. Be3 Bc5 14.
Rh4 Bxe3 15. Rxh5 Bd4 16. Rh3 O-O-O 17. Re1 Rde8 18. Kf1 Rxe5 19. Rd1 Bxc3 20.
bxc3 h5 21. Rhd3 Rhe8 22. Rd7 Re1+ 23. Rxe1 Rxe1+ 24. Kxe1 Kxd7 25. Ke2 Ke6 26.
c4 g5 27. f3 c5 28. Kd3 Kf5 29. g3 Ke6 30. Ke3 c6 31. h3 b5 32. f4 f6 33. Ke4
f5+ 34. Kd3 g4 35. h4 Kd7 36. Kc3 Kc7 37. Kb3 Kb6 38. Ka3 Ka5 39. Kb3 b4 40. a3
a6 41. a4 1/2-1/2

[Event "Pyramiden Cup 2016"]
[Site "Fuerth"]
[Date "2016.09.02"]
[Round "4.30"]
[White "Walter, Stefan"]
[Black "Woerl, Richard"]
[Result "1/2-1/2"]
[WhiteElo "1934"]
[BlackElo "2050"]
[PlyCount "96"]
[EventDate "2016.??.??"]
[WhiteTeam "SG Fürth"]
[BlackTeam "SW Nürnberg Süd"]

1. e4 c5 2. Nf3 Nc6 3. Bb5 g6 4. O-O Bg7 5. Nc3 Nd4 6. Ba4 a6 7. d3 b5 8. Bb3
Nxb3 9. axb3 Bb7 10. e5 d5 11. exd6 Qxd6 12. Ne4 Bxe4 13. dxe4 Qc6 14. e5 Rd8
15. Qe2 Bh6 16. Be3 e6 17. Rfd1 Rd5 18. c4 bxc4 19. bxc4 Rxd1+ 20. Rxd1 Bxe3
21. Qxe3 Ne7 22. h3 Nf5 23. Qb3 O-O 24. Qd3 Rb8 25. b3 Qb6 26. g4 Nd4 27. Nxd4
cxd4 28. Qxd4 Qxd4 29. Rxd4 Rxb3 30. Rd8+ Kg7 31. Kg2 Rc3 32. Ra8 Rxc4 33. Rxa6
Rc5 34. f4 g5 35. fxg5 Rxe5 36. h4 Re3 37. Ra4 h6 38. gxh6+ Kxh6 39. Rf4 Kg6
40. Kh2 f5 41. gxf5+ exf5 42. Kg2 Kf6 43. Rf3 Re4 44. h5 Re7 45. h6 Kg5 46. Rh3
Rh7 47. Kf3 f4 48. Rh1 Rxh6 1/2-1/2

[Event "Pyramiden Cup 2016"]
[Site "Fuerth"]
[Date "2016.09.02"]
[Round "4.31"]
[White "Suess, Helmut"]
[Black "Fischer, Daniel"]
[Result "0-1"]
[WhiteElo "1910"]
[BlackElo "2042"]
[PlyCount "53"]
[EventDate "2016.??.??"]
[WhiteTeam "SC NT Nürnberg"]
[BlackTeam "SVG Offenburg"]

1. d4 d6 2. Nf3 g6 3. Bf4 Bg7 4. e3 Nd7 5. h3 e5 6. Bg5 Ngf6 7. dxe5 dxe5 8. c3
h6 9. Bh4 O-O 10. Bc4 g5 11. Bg3 Ne4 12. Bh2 Qe7 13. Nbd2 Nd6 14. Bb3 Kh8 15.
e4 Nc5 16. Bc2 f5 17. exf5 e4 18. Bxd6 cxd6 19. Qe2 Bxf5 20. g4 Bh7 21. O-O-O
Qf7 22. Ne1 Qxf2 23. Rh2 Qxe2 24. Rxe2 d5 25. Nb3 Ne6 26. Ng2 Nf4 27. Rf2 0-1

[Event "Pyramiden Cup 2016"]
[Site "Fuerth"]
[Date "2016.09.02"]
[Round "4.32"]
[White "Rohde, Patrick"]
[Black "Braun, Kristin"]
[Result "0-1"]
[WhiteElo "1964"]
[BlackElo "1853"]
[PlyCount "48"]
[EventDate "2016.??.??"]
[WhiteTeam "Elmshorner SC"]
[BlackTeam "SC Forchheim"]

1. e4 c5 2. Nf3 d6 3. Bb5+ Bd7 4. Bxd7+ Qxd7 5. O-O Nc6 6. c3 d5 7. exd5 Qxd5
8. d4 e6 9. c4 Qxc4 10. b3 Qd5 11. Nc3 Qd8 12. d5 exd5 13. Nxd5 Be7 14. Re1 Qd7
15. Bf4 O-O-O 16. Nxe7+ Ngxe7 17. Qc2 Qf5 18. Qxf5+ Nxf5 19. g4 Nfd4 20. Nxd4
Rxd4 21. Be3 Rxg4+ 22. Kf1 b6 23. a3 Rd8 24. Rac1 Kb7 0-1

[Event "Pyramiden Cup 2016"]
[Site "Fuerth"]
[Date "2016.09.02"]
[Round "4.33"]
[White "Brem, Stephan"]
[Black "Merkel, Luis"]
[Result "1-0"]
[WhiteElo "2114"]
[BlackElo "1571"]
[PlyCount "45"]
[EventDate "2016.??.??"]
[WhiteTeam "SU Ebersberg-Grafing"]
[BlackTeam "SG Büchenbach/Roth"]

1. Nc3 e5 2. Nf3 Nc6 3. d4 exd4 4. Nxd4 Bc5 5. Nf5 Qf6 6. e4 Nge7 7. Be3 Bb4 8.
Nxe7 Bxc3+ 9. bxc3 Qxe7 10. Bd3 d6 11. Rb1 O-O 12. O-O Nd8 13. Qd2 c6 14. c4 f5
15. Bg5 Qc7 16. exf5 Bxf5 17. Rfe1 Rb8 18. Re7 Qc8 19. Rxg7+ Kxg7 20. Bh6+ Kf7
21. Qf4 Ke7 22. Bxf8+ Kxf8 23. Bxf5 1-0

[Event "Pyramiden Cup 2016"]
[Site "Fuerth"]
[Date "2016.09.02"]
[Round "4.34"]
[White "Turner, Radek"]
[Black "Kotitschke, Karlheinz"]
[Result "1-0"]
[WhiteElo "2055"]
[BlackElo "1928"]
[PlyCount "45"]
[EventDate "2016.??.??"]
[WhiteTeam "RT Regensburg"]
[BlackTeam "SK Rothenburg"]

1. c4 e6 2. g3 f5 3. Bg2 Nf6 4. Nc3 d5 5. d3 c6 6. Nf3 Bd6 7. O-O O-O 8. cxd5
exd5 9. e4 fxe4 10. dxe4 Nxe4 11. Nxe4 dxe4 12. Ng5 Qc7 13. Bxe4 Bf5 14. Qb3+
Kh8 15. Be3 Bxe4 16. Nxe4 Be7 17. Rad1 Nd7 18. Qe6 Nf6 19. Ng5 Bb4 20. Qb3 Qe7
21. a3 Ba5 22. Qc4 h6 23. Bc5 1-0

[Event "Pyramiden Cup 2016"]
[Site "Fuerth"]
[Date "2016.09.02"]
[Round "4.35"]
[White "Petrashov, Alexander"]
[Black "Luessmann, Thomas"]
[Result "1/2-1/2"]
[WhiteElo "1785"]
[BlackElo "1955"]
[PlyCount "52"]
[EventDate "2016.??.??"]
[WhiteTeam "SC NT Nürnberg"]
[BlackTeam "SK Gräfelfing"]

1. d4 d5 2. c4 e6 3. Nc3 Nf6 4. Nf3 c6 5. Bg5 h6 6. Bxf6 Qxf6 7. e3 Bb4 8. Qc2
O-O 9. Bd3 Nd7 10. O-O Re8 11. Rac1 Bxc3 12. Qxc3 dxc4 13. Bxc4 e5 14. d5 e4
15. dxc6 Qxc6 16. Nd4 Qg6 17. Nb5 Ne5 18. Kh1 Qh5 19. Nd6 Be6 20. Nxe8 Bxc4 21.
Nd6 Nf3 22. gxf3 Qxf3+ 23. Kg1 Qg4+ 24. Kh1 Qf3+ 25. Kg1 Qg4+ 26. Kh1 Qf3+
1/2-1/2

[Event "Pyramiden Cup 2016"]
[Site "Fuerth"]
[Date "2016.09.02"]
[Round "4.36"]
[White "Mikeler, Marcel"]
[Black "Schmitz, Tim"]
[Result "0-1"]
[WhiteElo "1833"]
[BlackElo "1808"]
[PlyCount "98"]
[EventDate "2016.??.??"]
[WhiteTeam "Heilbronner SV"]
[BlackTeam "SC Sendling"]

1. d4 Nf6 2. Nf3 g6 3. c4 Bg7 4. Nc3 O-O 5. e4 d6 6. Be2 e5 7. O-O Nc6 8. d5
Ne7 9. b4 Nh5 10. Re1 Nf4 11. Bf1 f5 12. Qb3 fxe4 13. Nxe4 Bg4 14. Nfd2 Nf5 15.
Bb2 Nd4 16. Bxd4 exd4 17. Rac1 Qh4 18. Qg3 Qh5 19. h3 Be2 20. f3 Bxf1 21. Kxf1
Nd3 22. Ke2 Be5 23. Qg4 Qxg4 24. hxg4 Nxc1+ 25. Rxc1 a5 26. b5 h6 27. Rh1 Kg7
28. Nf2 c6 29. dxc6 bxc6 30. a4 cxb5 31. cxb5 Rfc8 32. Rb1 Rc2 33. Kd3 Ra2 34.
Rc1 Rxa4 35. Rc7+ Kf6 36. Nfe4+ Ke6 37. Rh7 Rh8 38. Ra7 Rb8 39. Ra6 Rxb5 40.
Nc4 Ra1 41. Nexd6 Bxd6 42. Rxd6+ Kf7 43. Rd7+ Kf6 44. Nd6 Rb3+ 45. Kc4 Rb4+ 46.
Kd5 Kg5 47. g3 d3 48. Ne4+ Rxe4 49. Kxe4 Re1+ 0-1

[Event "Pyramiden Cup 2016"]
[Site "Fuerth"]
[Date "2016.09.02"]
[Round "4.37"]
[White "Meyer, Nico"]
[Black "Guggenberger, Guido"]
[Result "0-1"]
[WhiteElo "1550"]
[BlackElo "1971"]
[PlyCount "66"]
[EventDate "2016.??.??"]
[WhiteTeam "SC Bechhofen"]
[BlackTeam "TV Tegernsee"]

1. e4 d5 2. exd5 Qxd5 3. Nc3 Qd8 4. Bc4 Nf6 5. Nf3 c5 6. O-O e6 7. d4 cxd4 8.
Nxd4 a6 9. Nf3 Qc7 10. Bb3 Bd6 11. h3 Nbd7 12. Be3 O-O 13. Qe2 Nc5 14. Bxc5
Bxc5 15. Ne4 Be7 16. Nxf6+ Bxf6 17. c3 Bd7 18. Rfd1 Rfd8 19. Qe3 b5 20. a3 Bc6
21. Nd4 Bb7 22. f4 e5 23. fxe5 Qxe5 24. Qf2 Qh5 25. Rd2 Bd5 26. Bxd5 Rxd5 27.
Rad1 Rad8 28. Nf3 h6 29. Kh2 Qf5 30. Rxd5 Rxd5 31. Rxd5 Qxd5 32. Qd2 Be5+ 33.
Nxe5 Qxd2 0-1

[Event "Pyramiden Cup 2016"]
[Site "Fuerth"]
[Date "2016.09.02"]
[Round "4.38"]
[White "Cordts, Elof"]
[Black "Herlan, Klaus-Juergen"]
[Result "1-0"]
[WhiteElo "1649"]
[BlackElo "1977"]
[PlyCount "121"]
[EventDate "2016.??.??"]
[WhiteTeam "SC Erlangen"]
[BlackTeam "SK Marmstorf"]

1. e4 c5 2. Nc3 a6 3. a4 e6 4. Bc4 Nc6 5. d3 Nf6 6. Bg5 Be7 7. f4 d5 8. Ba2 d4
9. Nce2 h6 10. Bh4 e5 11. f5 Bd7 12. Nf3 Ng4 13. Bf2 Bg5 14. Nxg5 Qxg5 15. h4
Qf6 16. Bg1 h5 17. Qd2 g6 18. fxg6 fxg6 19. O-O-O Rf8 20. Rh3 O-O-O 21. Rf3 Qe7
22. Rdf1 Rxf3 23. Rxf3 Rf8 24. Qe1 Nf6 25. Qd2 Nb4 26. Bb1 Bg4 27. Rf2 Nd7 28.
Qe1 Kc7 29. Rxf8 Qxf8 30. Kd2 Qf6 31. Qf2 Kd6 32. c3 Nc6 33. Ba2 Be6 34. Qxf6
Nxf6 35. Bb1 Ng4 36. Bc2 b5 37. cxd4 cxd4 38. axb5 axb5 39. Nc1 Kc5 40. Bd1 Nh6
41. Bf2 Ng4 42. Be1 Ne3 43. Bf3 b4 44. Ke2 Ng4 45. Bd2 Nf6 46. Bg5 Nd7 47. Kd2
b3 48. Bd1 Kb4 49. Ke1 Nb6 50. Bh6 Nd7 51. Kf2 Nc5 52. Bf8 Na5 53. Bd6 Nc6 54.
Nxb3 Bxb3 55. Bxc5+ Kxc5 56. Bxb3 Ne7 57. Kf3 Kd6 58. g4 Nc6 59. gxh5 gxh5 60.
Bd1 Nb4 61. Ke2 1-0

[Event "Pyramiden Cup 2016"]
[Site "Fuerth"]
[Date "2016.09.02"]
[Round "4.39"]
[White "Thesing, Ansgar"]
[Black "Noeckler, Alexander"]
[Result "0-1"]
[WhiteElo "1983"]
[BlackElo "1887"]
[PlyCount "102"]
[EventDate "2016.??.??"]
[WhiteTeam "SC Kreuzberg"]
[BlackTeam "SK Weiden"]

1. e4 c5 2. Nc3 a6 3. g3 d6 4. Bg2 Nf6 5. d3 e6 6. f4 Qc7 7. Nf3 Nc6 8. O-O Be7
9. h3 O-O 10. Ne2 Bd7 11. g4 c4 12. Ng3 cxd3 13. cxd3 Rac8 14. g5 Ne8 15. a3 g6
16. Be3 Ng7 17. Nh2 f5 18. h4 e5 19. exf5 Nxf5 20. Nxf5 Bxf5 21. Qb3+ Kg7 22.
fxe5 dxe5 23. Rac1 Qd7 24. Be4 Be6 25. Qd1 Nd4 26. h5 Bb3 27. h6+ Kg8 28. Rxf8+
Rxf8 29. Qd2 b6 30. Qg2 Bc5 31. Kh1 Be6 32. Bg1 Nb3 33. Rf1 Rxf1 34. Nxf1 Bxg1
35. Kxg1 Nc5 36. Qe2 Bg4 37. Bf3 Bxf3 38. Qxf3 Nxd3 39. Qa8+ Kf7 40. Qh8 Qg4+
41. Kh1 Qf3+ 42. Kh2 Qf2+ 43. Kh3 Qxf1+ 44. Kg3 Qf2+ 45. Kg4 Qg2+ 46. Kh4 Qh2+
47. Kg4 Qf4+ 48. Kh3 Qf3+ 49. Kh2 Qh5+ 50. Kg1 Qxg5+ 51. Kf1 Qf6+ 0-1

[Event "Pyramiden Cup 2016"]
[Site "Fuerth"]
[Date "2016.09.02"]
[Round "4.40"]
[White "Gress, Patrick Daniel"]
[Black "Riedel, Lutz"]
[Result "0-1"]
[WhiteElo "1362"]
[BlackElo "2033"]
[PlyCount "106"]
[EventDate "2016.??.??"]
[WhiteTeam "SK Herzogenaurach"]
[BlackTeam "SK Krumbach"]

1. Nf3 c5 2. c4 Nc6 3. Nc3 g6 4. g3 Bg7 5. Bg2 Nf6 6. O-O O-O 7. d3 e6 8. a3 d5
9. cxd5 exd5 10. Qc2 Bd7 11. h3 h6 12. Bd2 Rc8 13. Rac1 a6 14. Qb1 Re8 15. Rfe1
b5 16. Na2 c4 17. dxc4 Bf5 18. Qa1 bxc4 19. Bc3 d4 20. Rcd1 d3 21. Nb4 Nxb4 22.
axb4 Nd5 23. Bxg7 dxe2 24. Rd2 Kxg7 25. Rexe2 Rxe2 26. Rxe2 Nxb4 27. Rd2 Qf6
28. Nd4 Bd3 29. Ne2 Nc2 30. Qc1 Nb4 31. Qc3 a5 32. Nf4 Rd8 33. Bf1 Qd4 34. Nxd3
Qxc3 35. bxc3 Nxd3 36. Ra2 Rd5 37. Ra4 Rc5 38. Kg2 Kf6 39. f4 g5 40. Kf3 gxf4
41. gxf4 Kf5 42. Ke3 Nxf4 43. Rxc4 Rxc4 44. Bxc4 Ne6 45. Bb5 Ke5 46. c4 Nc5 47.
Be8 f5 48. Bg6 a4 49. Kd2 f4 50. Bb1 Kd4 51. Ba2 f3 52. h4 Ne4+ 53. Ke1 Ke3 0-1

[Event "Pyramiden Cup 2016"]
[Site "Fuerth"]
[Date "2016.09.02"]
[Round "4.41"]
[White "Miosga, Stefan"]
[Black "Wieczorek, Heinz"]
[Result "1/2-1/2"]
[WhiteElo "1871"]
[BlackElo "1793"]
[PlyCount "117"]
[EventDate "2016.??.??"]
[WhiteTeam "SP Plesse Bovenden"]
[BlackTeam "SW Nürnberg Süd"]

1. e4 e5 2. Nf3 Nc6 3. Bb5 a6 4. Bxc6 dxc6 5. O-O Bg4 6. d3 Qf6 7. h3 Bxf3 8.
Qxf3 Qxf3 9. gxf3 Bd6 10. f4 O-O-O 11. fxe5 Bxe5 12. f4 Bd4+ 13. Kh2 Nf6 14.
Nd2 Be3 15. Nc4 Bxc1 16. Raxc1 Nh5 17. Rf2 Rhf8 18. h4 c5 19. b3 b5 20. Ne3 Nf6
21. Rg1 g6 22. Kh3 Kb7 23. Rgf1 Kc6 24. f5 Nd7 25. Ng4 Kd6 26. Nh6 f6 27. Rg1
Ne5 28. Ng4 gxf5 29. Rxf5 Ke6 30. Rgf1 Nxg4 31. Kxg4 Rg8+ 32. Kh3 Rg6 33. Rxc5
Rdg8 34. Rf2 Rg3+ 35. Kh2 R3g4 36. Rh5 R8g7 37. Kh3 Rg3+ 38. Kh2 R3g4 39. a4 c6
40. c3 Ke7 41. axb5 axb5 42. Rh6 Kd7 43. b4 Ke7 44. Rf3 Rg2+ 45. Kh1 Rg1+ 46.
Kh2 R1g2+ 47. Kh3 Rg1 48. Rf2 R1g3+ 49. Kh2 R3g4 50. Re2 Kd7 51. c4 bxc4 52.
dxc4 Kc7 53. b5 cxb5 54. cxb5 Kb7 55. b6 Kb8 56. Kh3 Rg3+ 57. Kh2 R3g4 58. Re3
Rg2+ 59. Kh3 1/2-1/2

[Event "Pyramiden Cup 2016"]
[Site "Fuerth"]
[Date "2016.09.02"]
[Round "4.42"]
[White "Straschewski, Joerg"]
[Black "Semenova, Alisa"]
[Result "1-0"]
[WhiteElo "1927"]
[BlackElo "1646"]
[PlyCount "57"]
[EventDate "2016.??.??"]
[WhiteTeam "TSV Cadolzburg"]
[BlackTeam "SC NT Nürnberg"]

1. d4 d5 2. c4 e6 3. Nc3 c6 4. e4 dxe4 5. Nxe4 f5 6. Nc3 Nf6 7. Nf3 Bd6 8. g3
O-O 9. Bg2 Nbd7 10. O-O Re8 11. Re1 Re7 12. Qc2 Qe8 13. Ne5 c5 14. Nb5 Bb8 15.
Nxd7 Nxd7 16. Bg5 Rf7 17. dxc5 Nxc5 18. Rad1 Nd7 19. Nd6 Bxd6 20. Rxd6 Rf6 21.
Bxf6 Nxf6 22. Qd3 Bd7 23. b3 Rb8 24. Rd1 Bc6 25. Bxc6 bxc6 26. Rd8 Rxd8 27.
Qxd8 Qxd8 28. Rxd8+ Kf7 29. Rc8 1-0